Entry Término temático
001 - NÚMERO DE CONTROL
- campo de control: 11758
003 - IDENTIFICADOR DEL NÚMERO DE CONTROL
- campo de control: BNPHU
005 - FECHA Y HORA DE LA ÚLTIMA TRANSACCIÓN
- campo de control: 20250424132020.0
008 - DATOS DE LONGITUD FIJA
- campo de control de longitud fija: 200615|| aca||aabn | a|a d
010 ## - NÚMERO DE CONTROL DE LA BIBLIOTECA DEL CONGRESO
- Número de control de LC: sh 85030958
040 ## - FUENTE DE LA CATALOGACIÓN
- Centro catalogador/agencia de origen: DO-SdBNP
- Lengua de catalogación: spa
- Centro/agencia transcriptor: BNPHU
- Normas de descripción: rda
150 ## - ENCABEZAMIENTO--TÉRMINO DE MATERIA
- Término de materia o nombre geográfico como elemento de entrada: Solución de conflictos
450 0# - TRAZADO DE VÉASE--TÉRMINO DE MATERIA
- Término de materia o nombre geográfico como elemento de entrada: Conflict management
450 ## - TRAZADO DE VÉASE--TÉRMINO DE MATERIA
- Término de materia o nombre geográfico como elemento de entrada: Control de conflictos
450 ## - TRAZADO DE VÉASE--TÉRMINO DE MATERIA
- Término de materia o nombre geográfico como elemento de entrada: Solución de controversias
450 ## - TRAZADO DE VÉASE--TÉRMINO DE MATERIA
- Término de materia o nombre geográfico como elemento de entrada: Manejo de conflictos
450 ## - TRAZADO DE VÉASE--TÉRMINO DE MATERIA
- Término de materia o nombre geográfico como elemento de entrada: Administración de conflictos
450 ## - TRAZADO DE VÉASE--TÉRMINO DE MATERIA
- Término de materia o nombre geográfico como elemento de entrada: Gestión de conflictos
450 ## - TRAZADO DE VÉASE--TÉRMINO DE MATERIA
- Término de materia o nombre geográfico como elemento de entrada: Conflictos |x Control
550 ## - TRAZADO VÉASE ADEMÁS--TÉRMINO DE MATERIA
- Término de materia o nombre geográfico como elemento de entrada: Administración
- Subcampo de control: g
550 ## - TRAZADO VÉASE ADEMÁS--TÉRMINO DE MATERIA
- Término de materia o nombre geográfico como elemento de entrada: Negociación
- Subcampo de control: g
550 ## - TRAZADO VÉASE ADEMÁS--TÉRMINO DE MATERIA
- Término de materia o nombre geográfico como elemento de entrada: Solución de problemas
- Subcampo de control: g
550 ## - TRAZADO VÉASE ADEMÁS--TÉRMINO DE MATERIA
- Término de materia o nombre geográfico como elemento de entrada: Conflicto social
- Subcampo de control: g
550 ## - TRAZADO VÉASE ADEMÁS--TÉRMINO DE MATERIA
- Término de materia o nombre geográfico como elemento de entrada: Administración de la crisis
550 ## - TRAZADO VÉASE ADEMÁS--TÉRMINO DE MATERIA
- Término de materia o nombre geográfico como elemento de entrada: Género en solución de conflictos
- Subcampo de control: h
550 ## - TRAZADO VÉASE ADEMÁS--TÉRMINO DE MATERIA
- Término de materia o nombre geográfico como elemento de entrada: Mediación
- Subcampo de control: h
550 ## - TRAZADO VÉASE ADEMÁS--TÉRMINO DE MATERIA
- Término de materia o nombre geográfico como elemento de entrada: Mantenimiento de la paz
- Subcampo de control: h
670 ## - FUENTE DE DATOS ENCONTRADOS
- Cita de la fuente: Work cat.: (OSt)3714: Sánchez, Ángel Salvador, 1948- 2873, Solución a la violencia con guerra de amor y justicia /, 2007.
670 ## - FUENTE DE DATOS ENCONTRADOS
- Identificador Uniforme del Recurso: https://librunam.dgb.unam.mx:8443/F/I8RIJT98V5R63VP41K2IA4YPBY57LRBXLDIMEMB83T7QHIQLB6-47673?func=full-set-set&set_number=004073&set_entry=000001&format=001 Consultado 24 de Abril, 2025
670 ## - FUENTE DE DATOS ENCONTRADOS
- Identificador Uniforme del Recurso: https://librunam.dgb.unam.mx:8443/F/I8RIJT98V5R63VP41K2IA4YPBY57LRBXLDIMEMB83T7QHIQLB6-47673?func=full-set-set&set_number=004073&set_entry=000001&format=001 Consultado en 24 de Abril, 2025
680 ## - NOTA GENERAL PÚBLICA
- Texto explicativo: i Aquí se asientan las obras que discuten el proceso de reducción, resolución o supresión de conflictos en ambientes sociales y organizacionales para generar resultados constructivos en vez de destructivos
